An Analysis of Linguistic Features of Vietnameseand English Welcoming Expressions in Conference Context

Uloženo v:
Podrobná bibliografie
Hlavní autor: Nguyễn Lê Diên Vi
Médium: Neznámo
Vydáno: 2012
Tagy: Přidat tag
Žádné tagy, Buďte první, kdo otaguje tento záznam!
Thư viện lưu trữ: Mạng thư viện Đại học Đà Nẵng
LEADER 00559na a2200193 4500
001 000032532
003 8630
005 20151002110538.0
008 151002s2012 000
082 |a 420.4 
100 |a Nguyễn Lê Diên Vi 
245 |a An Analysis of Linguistic Features of Vietnameseand English Welcoming Expressions in Conference Context  |c Nguyễn Lê Diên Vi 
260 |c 2012 
OWN |a LNN 
999 |a From the UDN01 
TYP |a Printed language 
980 |a Mạng thư viện Đại học Đà Nẵng